[Event "5th Paul Keres mem"]
[Site "Tallinn URS"]
[Date "1977.02.21"]
[Round "1"]
[White "Gulko, Boris"]
[Black "Tal, Mikhail"]
[Result "0-1"]
[WhiteElo "2585"]
[BlackElo "2620"]
[EventDate "1977.02.21"]
[PlyCount "72"]

1. e4 c5 2. c3 Nf6 3. e5 Nd5 4. d4 cxd4 5. cxd4 d6 6. Nf3 Nc6 7. Bc4 Nb6 8. Bb5 Bd7 9. Nc3 e6 10. Bg5 Be7 11. Ne4 dxe5 12. Nd6+ Kf8 13. Bxe7+ Qxe7 14. dxe5 a6 15. Be2 Nd5 16. Qc2 Rd8 17. O-O Nxe5 18. Nxb7 Nxf3+ 19. Bxf3 Rc8 20. Qd2 Bb5 21. Bxd5 exd5 22. Na5 Bxf1 23. Rxf1 Qe4 24. Nb7 Rc2 25. Qa5 g6 26. Nc5 Qd4 27. b4 Kg7 28. Qc7 Re2 29. a3 Rhe8 30. g3 Re1 31. Kg2 Rxf1 32. Kxf1 Qd1+ 33. Kg2 Re1 34. h4 Qe2 35. Qd6 Qf1+ 36. Kf3 Qh1+ 0-1

[Event "5th Paul Keres mem"]
[Site "Tallinn URS"]
[Date "1977.02.21"]
[Round "1"]
[White "Pohla, Harry"]
[Black "Gipslis, Aivars"]
[Result "0-1"]
[WhiteElo "2200"]
[BlackElo "2535"]
[EventDate "1977.02.21"]
[PlyCount "50"]

1. Nf3 Nf6 2. b3 g6 3. Bb2 Bg7 4. e3 O-O 5. Be2 d6 6. d4 e5 7. dxe5 Nfd7 8. c4 dxe5 9. Nc3 e4 10. Nd4 Nf6 11. Qc2 c6 12. O-O-O Qe7 13. h3 Re8 14. g4 Na6 15. Rd2 Nb4 16. Qb1 a5 17. Rhd1 Nd7 18. a3 Na6 19. Qc2 Nac5 20. Bf1 h6 21. Re1 Qf8 22. Bg2 Nd3+ 23. Rxd3 exd3 24. Qxd3 Nc5 25. Qd1 Bxd4 0-1

[Event "5th Paul Keres mem"]
[Site "Tallinn URS"]
[Date "1977.02.22"]
[Round "2"]
[White "Gipslis, Aivars"]
[Black "Bronstein, David"]
[Result "1/2-1/2"]
[WhiteElo "2535"]
[BlackElo "2560"]
[EventDate "1977.02.21"]
[PlyCount "38"]

1. e4 e6 2. d4 d5 3. Nd2 c5 4. Ngf3 Nc6 5. exd5 exd5 6. Bb5 Bd6 7. dxc5 Bxc5 8. O-O Nge7 9. Nb3 Bd6 10. Bg5 O-O 11. Re1 Bg4 12. c3 f6 13. Bh4 Bh5 14. Be2 Bf7 15. Bg3 Be5 16. Bd3 Qd6 17. Qc2 Bg6 18. Rad1 Rac8 19. Bxg6 Nxg6 1/2-1/2

[Event "5th Paul Keres mem"]
[Site "Tallinn URS"]
[Date "1977.02.22"]
[Round "2"]
[White "Karner, Hillar"]
[Black "Pribyl, Josef"]
[Result "1/2-1/2"]
[WhiteElo "2395"]
[BlackElo "2485"]
[EventDate "1977.02.21"]
[PlyCount "85"]

1. e4 e6 2. d4 d5 3. Nd2 c5 4. Ngf3 Nf6 5. e5 Nfd7 6. c3 Nc6 7. Nb3 c4 8. Nbd2 b5 9. Be2 b4 10. cxb4 Bxb4 11. O-O O-O 12. Nb1 Be7 13. b3 cxb3 14. axb3 a5 15. Ba3 Nb4 16. Nc3 Ba6 17. Bxa6 Rxa6 18. Bxb4 Bxb4 19. Qd3 Rc6 20. Rfc1 h6 21. Na2 Rxc1+ 22. Rxc1 Ba3 23. Rc3 Qb6 24. Qc2 Nb8 25. h4 Na6 26. g4 Be7 27. Kg2 Rb8 28. g5 hxg5 29. hxg5 g6 30. Rc6 Qb7 31. Rc3 Kg7 32. Qd2 Nb4 33. Nc1 Rc8 34. Nd3 Rxc3 35. Qxc3 Nxd3 36. Qxd3 Qc6 37. Qd2 Bb4 38. Qf4 Qc2 39. Qf6+ Kg8 40. Qd8+ Kh7 41. Qf6 Qf5 42. Kg3 Bc3 43. Kg2 1/2-1/2

[Event "5th Paul Keres mem"]
[Site "Tallinn URS"]
[Date "1977.02.23"]
[Round "3"]
[White "Poutiainen, Pertti"]
[Black "Tal, Mikhail"]
[Result "0-1"]
[WhiteElo "2430"]
[BlackElo "2620"]
[EventDate "1977.02.21"]
[PlyCount "42"]

1. c4 Nf6 2. Nf3 c5 3. Nc3 d5 4. cxd5 Nxd5 5. e4 Nb4 6. Bb5+ N8c6 7. a3 Nd3+ 8. Ke2 Nf4+ 9. Kf1 Ne6 10. b4 g6 11. bxc5 Bg7 12. e5 Ned4 13. Nxd4 Qxd4 14. Bb2 O-O 15. Na4 Qh4 16. Bxc6 bxc6 17. Kg1 Rd8 18. Bc3 Rd5 19. Rb1 Bxe5 20. Rb4 Qf6 21. Bxe5 Qxe5 0-1

[Event "5th Paul Keres mem"]
[Site "Tallinn URS"]
[Date "1977.02.26"]
[Round "5"]
[White "Velimirovic, Dragoljub"]
[Black "Gipslis, Aivars"]
[Result "1/2-1/2"]
[WhiteElo "2525"]
[BlackElo "2535"]
[EventDate "1977.02.21"]
[PlyCount "84"]

1. e4 c6 2. d3 g6 3. Nf3 Bg7 4. g3 e5 5. Bg2 Ne7 6. O-O O-O 7. Re1 d6 8. c3 h6 9. d4 Be6 10. Nbd2 Nd7 11. Qe2 Qc7 12. a4 Rfe8 13. dxe5 dxe5 14. Nc4 Nc5 15. Be3 Nxe4 16. Nfxe5 Bxc4 17. Nxc4 Nd5 18. Qf3 Nxe3 19. Rxe3 Nd6 20. Nxd6 Rxe3 21. Qxe3 Qxd6 22. Re1 Bf8 23. Bf1 b6 24. Qf3 Rd8 25. Bc4 Rd7 26. Kg2 Kg7 27. Re3 h5 28. Re8 Rc7 29. h3 Qd7 30. Qe4 Qd6 31. g4 hxg4 32. hxg4 Re7 33. Qf3 Rxe8 34. Qxf7+ Kh6 35. Qxe8 Qf4 36. Be2 Bd6 37. Bf3 c5 38. Qe6 Qe5 39. Qd7 Qh2+ 40. Kf1 Qf4 41. Ke2 Qc4+ 42. Ke1 Qf4 1/2-1/2

[Event "5th Paul Keres mem"]
[Site "Tallinn URS"]
[Date "1977.03.01"]
[Round "7"]
[White "Pohla, Harry"]
[Black "Ornstein, Axel"]
[Result "0-1"]
[WhiteElo "2200"]
[BlackElo "2440"]
[EventDate "1977.02.21"]
[PlyCount "106"]

1. e4 c5 2. Nf3 e6 3. c3 d5 4. e5 Bd7 5. d4 Qb6 6. Be2 Bb5 7. c4 Bxc4 8. Bxc4 Qb4+ 9. Nbd2 dxc4 10. a3 Qb5 11. dxc5 Bxc5 12. Qe2 Qa6 13. Nxc4 Ne7 14. b4 b5 15. Na5 Bb6 16. Nb3 Nbc6 17. O-O Qb7 18. Bb2 Rd8 19. Rad1 O-O 20. Ng5 Nf5 21. Ne4 Rxd1 22. Rxd1 Rd8 23. Nd6 Qb8 24. Nxf5 Rxd1+ 25. Qxd1 exf5 26. e6 Qd8 27. exf7+ Kxf7 28. Qc2 Qd5 29. Nc5 a5 30. Nd3 axb4 31. axb4 Qe4 32. Qxc6 Qxd3 33. Qb7+ Ke8 34. Qc6+ Ke7 35. h3 Qd1+ 36. Kh2 Qd6+ 37. Qxd6+ Kxd6 38. Bxg7 Bxf2 39. g3 Kd5 40. Kg2 Bd4 41. Bf8 Kc4 42. Kf3 Bc3 43. Kf4 Bxb4 44. Bg7 Bd2+ 45. Kxf5 b4 46. Ke4 b3 47. Bb2 Bc3 48. Ba3 Bf6 49. g4 Kc3 50. Kd5 Kc2 51. Kc4 Bg5 52. h4 Bxh4 53. Bc1 Be7 0-1

[Event "5th Paul Keres mem"]
[Site "Tallinn URS"]
[Date "1977.03.02"]
[Round "8"]
[White "Poutiainen, Pertti"]
[Black "Pohla, Harry"]
[Result "0-1"]
[WhiteElo "2430"]
[BlackElo "2200"]
[EventDate "1977.02.21"]
[PlyCount "132"]

1. g3 e5 2. d3 g6 3. c4 Bg7 4. Bg2 Ne7 5. Nc3 c5 6. e3 Nbc6 7. Nge2 a6 8. O-O d6 9. b3 O-O 10. Bb2 Rb8 11. Qd2 b5 12. Rfd1 Bd7 13. Rac1 b4 14. Nd5 Nf5 15. Rf1 Re8 16. Rce1 a5 17. f4 a4 18. e4 a3 19. Bc1 Nfd4 20. Nxd4 Nxd4 21. Qf2 f5 22. Be3 exf4 23. Bxf4 Be6 24. exf5 Nxf5 25. Kh1 Kh8 26. Qd2 Qd7 27. Bg5 Bxd5 28. Bxd5 Bc3 29. Rxe8+ Rxe8 30. Qf2 h6 31. Bc1 Rf8 32. Qg2 Qg7 33. Qh3 Kh7 34. Rf3 Rf6 35. g4 Ne7 36. g5 Rxf3 37. Bxf3 h5 38. Be4 Kg8 39. Qd7 Qf7 40. Kg2 Be5 41. Be3 Kg7 42. h4 Nf5 43. Bxf5 gxf5 44. Qc6 f4 45. Bf2 Qf5 46. Qf3 Qg4+ 47. Qxg4 hxg4 48. h5 f3+ 49. Kf1 Bf4 50. d4 Bxg5 51. dxc5 dxc5 52. Bxc5 g3 53. Bf2 g2+ 54. Kg1 Kh6 55. Kh2 Bf4+ 56. Kh3 Kxh5 57. c5 Kg5 58. c6 Kf5 59. Kh4 Ke4 60. Kg4 Be3 61. Kg3 Bf4+ 62. Kg4 Bh2 63. Bb6 Be5 64. Bg1 Bd4 65. c7 f2 66. c8=Q fxg1=Q 0-1

[Event "5th Paul Keres mem"]
[Site "Tallinn URS"]
[Date "1977.03.05"]
[Round "9"]
[White "Gipslis, Aivars"]
[Black "Uhlmann, Wolfgang"]
[Result "1/2-1/2"]
[WhiteElo "2535"]
[BlackElo "2555"]
[EventDate "1977.02.21"]
[PlyCount "35"]

1. e4 e6 2. d4 d5 3. Nd2 c5 4. Ngf3 Nc6 5. exd5 exd5 6. Bb5 Bd6 7. dxc5 Bxc5 8. O-O Nge7 9. Nb3 Bd6 10. Bg5 O-O 11. Re1 Bg4 12. Be2 h6 13. Bxe7 Bxe7 14. h3 Bh5 15. c3 Qd6 16. Qd2 Bf6 17. Rad1 Rad8 18. Nbd4 1/2-1/2

[Event "5th Paul Keres mem"]
[Site "Tallinn URS"]
[Date "1977.03.06"]
[Round "10"]
[White "Heuer, Valter"]
[Black "Gipslis, Aivars"]
[Result "1/2-1/2"]
[WhiteElo "2200"]
[BlackElo "2535"]
[EventDate "1977.02.21"]
[PlyCount "53"]

1. e4 c6 2. d4 d5 3. Nc3 g6 4. Nf3 Bg7 5. Bd3 Bg4 6. exd5 cxd5 7. h3 Bxf3 8. Qxf3 Nc6 9. Qxd5 Qxd5 10. Nxd5 O-O-O 11. Ne3 Bxd4 12. O-O Nf6 13. Be2 Ne4 14. c3 Bc5 15. Nc4 f5 16. Bf3 b5 17. Be3 bxc4 18. Bxe4 Bxe3 19. Bxc6 Bc5 20. Rfd1 Kc7 21. Bd5 Rb8 22. Rd2 Rhd8 23. Rad1 Rd6 24. Bf3 Rbd8 25. Rxd6 Rxd6 26. Kf1 Rxd1+ 27. Bxd1 1/2-1/2

[Event "5th Paul Keres mem"]
[Site "Tallinn URS"]
[Date "1977.03.06"]
[Round "10"]
[White "Ornstein, Axel"]
[Black "Nei, Iivo"]
[Result "0-1"]
[WhiteElo "2440"]
[BlackElo "2495"]
[EventDate "1977.02.21"]
[PlyCount "88"]

1. Nf3 d5 2. c4 c6 3. e3 Nf6 4. Nc3 e6 5. d4 Nbd7 6. Bd3 dxc4 7. Bxc4 b5 8. Bd3 a6 9. e4 c5 10. d5 c4 11. Bc2 e5 12. O-O Bc5 13. b3 cxb3 14. axb3 Rb8 15. Rb1 O-O 16. b4 Bd6 17. Ne1 a5 18. Nd3 axb4 19. Nxb4 Bxb4 20. Rxb4 Qa5 21. Rb3 b4 22. Ne2 Nc5 23. Re3 Ba6 24. Bb2 Nfd7 25. Qa1 Qxa1 26. Rxa1 f6 27. Nc1 Bc4 28. f3 Ra8 29. Rxa8 Rxa8 30. Bd1 Nb6 31. Be2 Kf7 32. Kf2 Ke7 33. Ke1 Kd6 34. g3 Rc8 35. Bd1 Nca4 36. Ba1 Ra8 37. f4 Nc5 38. fxe5+ fxe5 39. Bb2 Rf8 40. Be2 Bxe2 41. Rxe2 Rf3 42. Kd2 Nc4+ 43. Kc2 b3+ 44. Kb1 Nxe4 0-1

[Event "5th Paul Keres mem"]
[Site "Tallinn URS"]
[Date "1977.03.06"]
[Round "10"]
[White "Pohla, Harry"]
[Black "Bronstein, David"]
[Result "0-1"]
[WhiteElo "2200"]
[BlackElo "2560"]
[EventDate "1977.02.21"]
[PlyCount "66"]

1. e4 e5 2. Nf3 Nc6 3. Bb5 a6 4. Ba4 Nf6 5. d4 Be7 6. O-O O-O 7. Re1 b5 8. Bb3 d6 9. c3 Bg4 10. Be3 exd4 11. cxd4 Na5 12. Bc2 c5 13. Nbd2 cxd4 14. Bxd4 Nc6 15. Nb3 Rc8 16. h3 Bh5 17. Rc1 a5 18. Bd3 Ne5 19. Rxc8 Qxc8 20. Bxe5 dxe5 21. Bxb5 Qe6 22. Re3 a4 23. Bxa4 Qa6 24. Nbd2 Bc5 25. Re1 Qa7 26. Re2 Bxf3 27. Nxf3 Bxf2+ 28. Kh2 Nh5 29. Qd7 Bg3+ 30. Kh1 Qa8 31. Bb3 Bf4 32. Rc2 Ng3+ 33. Kg1 Qa6 0-1

[Event "5th Paul Keres mem"]
[Site "Tallinn URS"]
[Date "1977.03.06"]
[Round "10"]
[White "Unzicker, Wolfgang"]
[Black "Uhlmann, Wolfgang"]
[Result "1/2-1/2"]
[WhiteElo "2525"]
[BlackElo "2555"]
[EventDate "1977.02.21"]
[PlyCount "38"]

1. e4 e6 2. d4 d5 3. Nd2 c5 4. exd5 exd5 5. Ngf3 Nc6 6. Bb5 Bd6 7. dxc5 Bxc5 8. O-O Nge7 9. Nb3 Bd6 10. Bg5 O-O 11. Re1 Bg4 12. Be2 h6 13. Bh4 Re8 14. Nfd4 Bxe2 15. Rxe2 Qb6 16. Bg3 Bxg3 17. hxg3 Nxd4 18. Qxd4 Qxd4 19. Nxd4 Nc6 1/2-1/2

[Event "5th Paul Keres mem"]
[Site "Tallinn URS"]
[Date "1977.03.08"]
[Round "11"]
[White "Nei, Iivo"]
[Black "Poutiainen, Pertti"]
[Result "1-0"]
[WhiteElo "2495"]
[BlackElo "2430"]
[EventDate "1977.02.21"]
[PlyCount "121"]

1. d4 Nf6 2. Nf3 e6 3. Bg5 d5 4. c4 Be7 5. Nc3 O-O 6. e3 h6 7. Bxf6 Bxf6 8. Qd2 a6 9. cxd5 exd5 10. Bd3 Re8 11. O-O Nc6 12. Rae1 Ne7 13. Ne5 c5 14. f4 b5 15. dxc5 Bxe5 16. fxe5 Qc7 17. Qf2 Be6 18. Ne2 Qxc5 19. Nd4 Qb6 20. Qg3 Nc6 21. Qf4 Ra7 22. Rc1 Nd8 23. Rc2 Rae7 24. Rfc1 Bd7 25. Rc7 Ne6 26. Qf5 Nf8 27. e6 Bxe6 28. Rxe7 Rxe7 29. Qe5 Qb7 30. Qd6 Bg4 31. Kf2 Bh5 32. Qd8 f6 33. Qc8 Qxc8 34. Rxc8 Bg4 35. Ra8 Kf7 36. Rxa6 b4 37. Rb6 Ra7 38. Bb1 Ne6 39. Rxb4 Nxd4 40. Rxd4 Be6 41. a3 Rc7 42. Rd2 Rc1 43. Ba2 Rc5 44. h3 Ke7 45. Ke2 Ra5 46. Rc2 Kd6 47. Rc3 g5 48. b4 Ra7 49. Kd2 Ke5 50. Bb1 Bd7 51. Bd3 f5 52. b5 Kd6 53. Kc2 f4 54. exf4 d4 55. b6 Rb7 56. Rc4 gxf4 57. Rxd4+ Kc5 58. Kc3 f3 59. gxf3 Bxh3 60. Rh4 Bg2 61. Be4 1-0

[Event "5th Paul Keres mem"]
[Site "Tallinn URS"]
[Date "1977.03.08"]
[Round "11"]
[White "Pribyl, Josef"]
[Black "Pohla, Harry"]
[Result "0-1"]
[WhiteElo "2485"]
[BlackElo "2200"]
[EventDate "1977.02.21"]
[PlyCount "68"]

1. e4 c5 2. g3 d5 3. exd5 Qxd5 4. Nf3 Bg4 5. Bg2 Qe6+ 6. Kf1 Nc6 7. h3 Bh5 8. Nc3 Nf6 9. d3 Qd7 10. Be3 e5 11. Qd2 Bd6 12. Re1 O-O 13. Kg1 Nd4 14. g4 Bg6 15. Nh4 Ne8 16. Ne4 Rd8 17. Nxd6 Nxd6 18. Kh2 Qa4 19. c3 Ne6 20. Bd5 Nc7 21. Bb3 Qc6 22. Bg5 Rde8 23. f4 Bxd3 24. fxe5 Ne4 25. Qxd3 Nxg5 26. Rhf1 Rd8 27. Qe3 Qh6 28. Rf5 Qxh4 29. Rxg5 Rd3 30. Qxd3 Qf2+ 31. Kh1 Qxe1+ 32. Kg2 Ne6 33. Rf5 Rd8 34. Bd5 c4 0-1

[Event "5th Paul Keres mem"]
[Site "Tallinn URS"]
[Date "1977.03.08"]
[Round "11"]
[White "Romanishin, Oleg"]
[Black "Gulko, Boris"]
[Result "1/2-1/2"]
[WhiteElo "2595"]
[BlackElo "2585"]
[EventDate "1977.02.21"]
[PlyCount "73"]

1. c4 g6 2. e4 e5 3. d4 Nf6 4. Nf3 exd4 5. e5 Bb4+ 6. Bd2 Qe7 7. Bxb4 Qxb4+ 8. Qd2 Qxd2+ 9. Nbxd2 Nh5 10. Nxd4 Nc6 11. Nxc6 dxc6 12. g3 O-O 13. Be2 f6 14. Bxh5 gxh5 15. exf6 Re8+ 16. Kd1 Bf5 17. Re1 Kf7 18. Rc1 Rxe1+ 19. Kxe1 Re8+ 20. Kd1 Bd3 21. Nb3 Kxf6 22. Kd2 Rd8 23. Ke3 Bg6 24. Rc3 Rd1 25. Na5 Rb1 26. b3 Re1+ 27. Kd2 Ra1 28. a4 b5 29. cxb5 cxb5 30. Rc6+ Ke5 31. Rxc7 bxa4 32. bxa4 Rxa4 33. Rxa7 Ra2+ 34. Ke3 Ra3+ 35. Ke2 Ra2+ 36. Ke3 Ra3+ 37. Ke2 1/2-1/2

[Event "5th Paul Keres mem"]
[Site "Tallinn URS"]
[Date "1977.03.09"]
[Round "12"]
[White "Ornstein, Axel"]
[Black "Romanishin, Oleg"]
[Result "0-1"]
[WhiteElo "2440"]
[BlackElo "2595"]
[EventDate "1977.02.21"]
[PlyCount "80"]

1. c4 e5 2. Nc3 Nf6 3. Nf3 Nc6 4. e3 Bb4 5. Qc2 O-O 6. Nd5 Re8 7. Bd3 g6 8. Nxf6+ Qxf6 9. Be4 Bf8 10. a3 a5 11. b3 Bg7 12. Bb2 Qe7 13. O-O Nd8 14. Qc3 Ne6 15. d4 f5 16. Bb1 e4 17. Ne1 c5 18. Qd2 cxd4 19. exd4 d5 20. Nc2 Nc7 21. a4 Be6 22. Ba2 Qf7 23. Ne3 f4 24. cxd5 Nxd5 25. Nc4 Rad8 26. f3 e3 27. Qxa5 Bf8 28. Ne5 Qf6 29. Qb5 Nb4 30. Bb1 Bd5 31. Be4 Qa6 32. Bxd5+ Nxd5 33. Qc4 Qxc4 34. bxc4 Nb4 35. Bc3 Nc2 36. d5 Bg7 37. Rac1 e2 38. Rf2 e1=Q+ 39. Bxe1 Nxe1 40. Rxe1 Rxe5 0-1

[Event "5th Paul Keres mem"]
[Site "Tallinn URS"]
[Date "1977.03.09"]
[Round "12"]
[White "Pohla, Harry"]
[Black "Nei, Iivo"]
[Result "1/2-1/2"]
[WhiteElo "2200"]
[BlackElo "2495"]
[EventDate "1977.02.21"]
[PlyCount "28"]

1. e4 e6 2. d4 d5 3. exd5 exd5 4. Bf4 Bd6 5. Bxd6 Qxd6 6. Bd3 Nc6 7. c3 Nf6 8. Nf3 O-O 9. O-O Bg4 10. Nbd2 Rfe8 11. Qc2 Bh5 12. Rfe1 Bg6 13. Bxg6 hxg6 14. b4 a6 1/2-1/2

[Event "5th Paul Keres mem"]
[Site "Tallinn URS"]
[Date "1977.03.12"]
[Round "14"]
[White "Gulko, Boris"]
[Black "Uhlmann, Wolfgang"]
[Result "1/2-1/2"]
[WhiteElo "2585"]
[BlackElo "2555"]
[EventDate "1977.02.21"]
[PlyCount "96"]

1. d4 Nf6 2. c4 g6 3. Nc3 d5 4. Bf4 Bg7 5. e3 c5 6. dxc5 Qa5 7. Rc1 dxc4 8. Bxc4 O-O 9. Nf3 Qxc5 10. Bb3 Nc6 11. O-O Qa5 12. h3 Bf5 13. Nd4 Bd7 14. Qe2 e5 15. Nxc6 Bxc6 16. Bg5 e4 17. Bh4 Rad8 18. Qc4 Rd7 19. Rfd1 Rfd8 20. Rd4 g5 21. Bg3 Nh5 22. Rxd7 Rxd7 23. Bb8 Nf6 24. Rd1 Rxd1+ 25. Nxd1 Qd5 26. Bxa7 Qxc4 27. Bxc4 Nd7 28. Bd4 Ne5 29. Be2 f5 30. Nc3 Nd3 31. Bxg7 Kxg7 32. b3 Kf6 33. f3 Nc1 34. Bd1 exf3 35. Bxf3 Bxf3 36. gxf3 Ke5 37. Kf2 h5 38. Ke1 Nd3+ 39. Ke2 Nb4 40. a3 Nc2 41. a4 f4 42. exf4+ gxf4 43. Kf2 Nb4 44. Ne4 Nd3+ 45. Kf1 h4 46. b4 Kd5 47. b5 b6 48. Ke2 Nc5 1/2-1/2

[Event "5th Paul Keres mem"]
[Site "Tallinn URS"]
[Date "1977.03.12"]
[Round "14"]
[White "Ornstein, Axel"]
[Black "Gipslis, Aivars"]
[Result "0-1"]
[WhiteElo "2440"]
[BlackElo "2535"]
[EventDate "1977.02.21"]
[PlyCount "90"]

1. Nf3 Nf6 2. c4 b6 3. g3 c5 4. Bg2 Bb7 5. O-O e6 6. Nc3 Be7 7. d4 cxd4 8. Qxd4 Nc6 9. Qf4 O-O 10. Rd1 Qb8 11. e4 Rd8 12. e5 Ne8 13. Ng5 Bxg5 14. Qxg5 Nxe5 15. Bxb7 f6 16. Qxe5 fxe5 17. Bxa8 Qxa8 18. Bg5 Nf6 19. Bxf6 gxf6 20. Rd6 Kf7 21. Rad1 Ke7 22. b4 Qc8 23. Nb5 a6 24. Na7 Qxc4 25. Rxb6 Qc7 26. Rxa6 Qb7 27. Rdd6 Ra8 28. Rdb6 Qc7 29. Nc6+ Kf7 30. Na5 Rxa6 31. Rxa6 Qc2 32. Ra7 Qd1+ 33. Kg2 Qd5+ 34. Kg1 e4 35. Rc7 Qd1+ 36. Kg2 Qf3+ 37. Kg1 e3 38. fxe3 Qxe3+ 39. Kg2 Qd2+ 40. Kh3 Qxb4 41. Rxd7+ Kg6 42. Nb3 Qb5 43. Rd2 Qf1+ 44. Kh4 e5 45. Rb2 h5 0-1

[Event "5th Paul Keres mem"]
[Site "Tallinn URS"]
[Date "1977.03.14"]
[Round "15"]
[White "Karner, Hillar"]
[Black "Pohla, Harry"]
[Result "1/2-1/2"]
[WhiteElo "2395"]
[BlackElo "2200"]
[EventDate "1977.02.21"]
[PlyCount "28"]

1. c4 e5 2. Nc3 Nf6 3. Nf3 Nc6 4. d3 g6 5. Nd5 Nxd5 6. cxd5 Nd4 7. Nxe5 Bg7 8. Nf3 Nxf3+ 9. gxf3 Qh4 10. Qb3 O-O 11. Bd2 c5 12. dxc6 dxc6 13. Bc3 Re8 14. Bxg7 Kxg7 1/2-1/2

[Event "5th Paul Keres mem"]
[Site "Tallinn URS"]
[Date "1977.03.14"]
[Round "15"]
[White "Velimirovic, Dragoljub"]
[Black "Pribyl, Josef"]
[Result "1-0"]
[WhiteElo "2525"]
[BlackElo "2485"]
[EventDate "1977.02.21"]
[PlyCount "109"]

1. e4 e5 2. Nf3 Nc6 3. Bb5 a6 4. Ba4 Nf6 5. O-O Be7 6. Re1 b5 7. Bb3 d6 8. c3 O-O 9. h3 Nb8 10. d4 Nbd7 11. Nbd2 Bb7 12. Bc2 Re8 13. a4 Bf8 14. b3 g6 15. d5 c6 16. c4 b4 17. Nf1 cxd5 18. cxd5 a5 19. Bg5 Be7 20. Rc1 Nc5 21. Qd2 Rc8 22. g4 Qd7 23. Ng3 Kh8 24. Kh2 Ba6 25. Be3 Bd8 26. g5 Ng8 27. h4 Rf8 28. Kg2 Rc7 29. h5 Qe8 30. Rh1 Bc8 31. Rh4 f6 32. Rch1 fxg5 33. Nxg5 Bxg5 34. Bxg5 gxh5 35. Nxh5 Qg6 36. Ng3 Rcf7 37. f4 Nf6 38. f5 Qg8 39. R1h3 Rc7 40. Kh2 Ba6 41. Bxf6+ Rxf6 42. Nh5 Rff7 43. Rg3 Qf8 44. Rhg4 Rc8 45. Nf4 Rf6 46. Ne6 Qh6+ 47. Qxh6 Rxh6+ 48. Kg1 Nd7 49. Rg7 Nf6 50. Rg2 Bf1 51. Kxf1 Rh1+ 52. Rg1 Rxg1+ 53. Kxg1 Rxc2 54. Rf7 Ng8 55. Ng5 1-0